| 000 | 02251nam a2200625 i 4500 | ||
|---|---|---|---|
| 001 | 35646 | ||
| 003 | KOSZ 005 | ||
| 005 | 20240405063111.0 | ||
| 008 | 231006r19891981pl a g 001 0 pol | ||
| 015 | _aUWD 2010/27526 | ||
| 035 | _a991001109669705066 | ||
| 035 | _a(PL-WaBN)b25001425-48omnis_nlop | ||
| 035 | _ab25001425 | ||
| 035 | _a(OCoLC)837196473 | ||
| 035 | _a(PL)b0000002500142 | ||
| 035 | _a(EXLNZ-48OMNIS_NETWORK)9910034852505606 | ||
| 040 |
_aWA N _cWA N _dKOSZ 005/RW |
||
| 041 | 0 |
_apol _beng |
|
| 045 | _bd1944 | ||
| 046 | _k1989 | ||
| 080 | _a94(438).082 | ||
| 080 | _a94(438).082.21(093) | ||
| 245 | 0 | 0 |
_aArmia Krajowa w dokumentach 1939-1945. _nT. 4, _pLipiec - październik 1944 / _c[komitet redakcyjny Halina Czarnocka et al.]. |
| 260 |
_aSzczecin : _bWydawnictwo Errata, _c1989. |
||
| 300 |
_aXL, 470, [6] stron, [5] kart tablic luzem : _bilustracje, errata ; _c22 cm. |
||
| 336 |
_aTekst _btxt _2rdacontent |
||
| 337 |
_aBez urządzenia pośredniczącego _bn _2rdamedia |
||
| 338 |
_aWolumin _bnc _2rdacarrier |
||
| 380 | _aKsiążki | ||
| 380 | _aPublikacje naukowe | ||
| 388 | 1 | _a1901-2000 | |
| 388 | 1 | _a1989-2000 | |
| 504 | _aIndeksy. | ||
| 534 |
_pPrzedruk z: _cLondyn : [Studium Polski Podziemnej, 1981]. |
||
| 546 | _aStreszczenie w języku angielskim. | ||
| 610 | 2 | 7 |
_aArmia Krajowa (AK) _2DBN |
| 648 | 7 | _a1901-2000 | |
| 648 | 7 | _a1939-1945 | |
| 650 | 7 | _aII wojna światowa (1939-1945) | |
| 650 | 7 | _aOkupacja niemiecka | |
| 650 | 7 | _aRuch oporu | |
| 655 | 7 |
_aDokumenty _2DBN |
|
| 655 | 7 |
_aWydawnictwo źródłowe _2DBN |
|
| 658 | _aBezpieczeństwo i wojskowość | ||
| 658 | _aHistoria | ||
| 700 | 1 |
_aCzarnocka, Halina _d(1900-1998) _eRedakcja |
|
| 700 | 1 |
_aGarliński, Józef _d(1913-2005) _eRedakcja |
|
| 700 | 1 |
_aIranek-Osmecki, Kazimierz _d(1897-1984) _eRedakcja |
|
| 700 | 1 |
_aOtocki, Włodzimierz _eRedakcja |
|
| 700 | 1 |
_aPełczyński, Tadeusz _d(1892-1985) _eRedakcja |
|
| 710 | 2 |
_aERRATA Izabela Krupa _4pbl |
|
| 856 |
_uhttp://koha.tu.koszalin.pl/cgi-bin/koha/opac-detail.pl?biblionumber=35646 _yKatalog online BPK |
||
| 942 |
_2UKD _cKS |
||
| 999 |
_c35646 _d35646 |
||